| 000 | 00000nam##2200000za#4500 |
| 001 | 9.605078 |
| 003 | CaOODSP |
| 005 | 20210624211931 |
| 007 | cr ||||||||||| |
| 008 | 150406|2008||||xxc|||||o f|0| 0 fre|d |
| 040 | |aCaOODSP|bfre |
| 043 | |an-cn--- |
| 086 | 1 |aTU3-5/08-17F-PDF |
| 110 | 2 |aBureau de la sécurité des transports du Canada. |
| 245 | 10|aDescente non commandée et collision avec le relief du Cessna 172P C-GHSQ à 7 nm à l'ouest de Shelburne (Ontario), le 1er septembre 2008 |h[ressource électronique] |
| 260 | |aGatineau - Québec : |bBureau de la sécurité des transports du Canada |c[2008]. |
| 300 | |a11p.|bfigures, références |
| 490 | 1 |aRapport d'enquête aéronautique |vA08O0233 |
| 590 | |a13-03-Supp|b2013-02-11 |
| 775 | 08|tUncontrolled descent into terrain - Cessna 172P C-GHSQ Shelburne, Ontario, 7 nm W, 01, September 2008 |w(CaOODSP)9.575580 |
| 830 | #0|aRapport d'enquête aéronautique ;|vA08O0233|w(CaOODSP)9.501229 |
| 856 | 40|ahttp://publications.gc.ca|qPDF|s379 Ko|uhttps://publications.gc.ca/collections/collection_2013/bst-tsb/TU3-5-08-17-fra.pdf|yA08O0233 |